000 00313nam a22001337a 4500
008 170821b xxu||||| |||| 00| 0 eng d
020 _a061830617
041 _aeng
080 _26 ED
_a51
100 _a37
101 _aMAT
245 _aINTERMEDIA ALGEBRA WITH APPLICATION
_cLOCKWOOD.B
942 _2udc
_cBK
999 _c24339
_d24339